[Event "Hampstead op U2200 11-A"]
[Site "Hampstead"]
[Date "2013.11.23"]
[Round "1"]
[White "Haridas, Girinath"]
[Black "Culfaz, Ferhat"]
[Result "1-0"]
[WhiteElo "1809"]
[BlackElo "650"]
[PlyCount "71"]
[EventDate "2013.11.23"]
[EventType "swiss"]
[EventRounds "5"]
[EventCountry "ENG"]
[SourceTitle "EXT 2015"]
[Source "ChessBase"]
[SourceDate "2014.11.20"]
[SourceVersion "1"]
[SourceVersionDate "2014.11.20"]
[SourceQuality "1"]

1. d4 d5 2. c4 Nf6 3. cxd5 Nxd5 4. Nc3 e6 5. e4 Nxc3 6. bxc3 Bd7 7. Nf3 h6 8. Bd3 Be7 9. 0-0 0-0 10. Rb1 b6 11. Ne5 c5 12. Nxd7 Qxd7 13. e5 cxd4 14. cxd4 Qd5 15. Qg4 Kh8 16. Be4 Qxd4 17. Qf3 Nc6 18. Bxc6 Rad8 19. Qf4 Qc5 20. Bf3 Rd4 21. Qe3 Bg5 22. Qa3 Qc8 23. Bxg5 hxg5 24. Rbc1 Qd8 25. Qxa7 g4 26. Bb7 Qd7 27. Qxb6 Rb8 28. Rc7 Qa4 29. Rcc1 Rb4 30. Qc7 R4xb7 31. Qc2 Qf4 32. Qc5 Rb5 33. Qc7 R5b7 34. Qd6 Qa4 35. Qd1 Rb2 36. Qxa4 1-0